Wszystkie skiny do M4A1-S w CS:GO - Statystyki

Ogólne statystyki
  • Ten quiz został rozwiązany 98 razy
  • Średni wynik to 13 z 29
Statystyki odpowiedzi
Jakość Skin % Poprawnych
Czerwony Hyper Beast
67%
Różowy Knight
62%
Czerwony Printstream
62%
Czerwony Cyrex
61%
Fioletowy Nitro
59%
Czerwony Golden Coil
54%
Czerwony Mecha Industries
52%
Czerwony Chantico's Fire
51%
Czerwony Player Two
51%
Różowy Nightmare
49%
Różowy Hot Rod
48%
Czerwony Welcome to the Jungle
48%
Fioletowy Flashback
46%
Różowy Blue Phosphor
43%
Różowy Decimator
43%
Fioletowy Basilisk
41%
Niebieski Boreal Forest
41%
Różowy Guardian
39%
Różowy Leaded Glass
38%
Niebieski Blood Tiger
36%
Fioletowy Bright Water
36%
Niebieski VariCamo
36%
Różowy Control Panel
34%
Fioletowy Icarus Fell
34%
Różowy Atomic Alloy
33%
Fioletowy Dark Water
31%
Różowy Master Piece
30%
Niebieski Briefing
18%
Niebieski Moss Quartz
16%
Nie znaleziono quizów pasujących do podanych kryteriów
Rozkład punktacji
Procent ludzi z każdym wynikiem
Percentyl według liczby udzielonych odpowiedzi
Twoja historia wyników
Nie rozwiązałeś tego quizu